000 nam a22 7a 4500
999 _c10314
_d10314
008 180213b ||||| |||| 00| 0 eng d
100 _aSrivasatava, N
_96276
245 _aInnovate Computer -II
260 _aNew Delhi
_bGood luch publication
_c2012